Top 10 Fifa ranking for April 2017 (Womens ranking) - Statistics

General Stats
  • This quiz has been taken 10 times
  • The average score is 8 of 10
Answer Stats
Score Country % Correct
2072 France
100%
2108 Germany
100%
1977 Japan
100%
2105 United States
100%
2022 England
90%
1977 Sweden
80%
2017 Canada
70%
1976 Australia
60%
1961 Brazil
60%
1953 North Korea
20%
No matching quizzes found
Score Distribution
Percent of People with Each Score
Percentile by Number Answered
Your Score History
You have not taken this quiz